| 000 | 00925nam a2200253 a 4500 | ||
|---|---|---|---|
| 001 | 52931 | ||
| 003 | BD-RjUL | ||
| 005 | 20211209075901.0 | ||
| 008 | 160929r19592010bg ||||| |||| 00| 0 eng d | ||
| 020 |
_a9788175220973 (V-12) _c : IRs. 50.00 |
||
| 020 | _a9788175220218 (Set) | ||
| 035 | _a(BD-RjUL) 53051 | ||
| 040 |
_aBD-RjUL _beng _cBD-RjUL |
||
| 041 | _aeng | ||
| 082 |
_223 _a781.1 _bTAT 2010 |
||
| 100 | 1 |
_aঠাকুর, রবীন্দ্রনাথ _9158243 |
|
| 245 | 1 | 0 |
_aতাসের দেশ / _cরবীন্দ্রনাথ ঠাকুর |
| 260 |
_aকলকাতা : _bবিশ্বভারতী গ্রন্থবিভগ, _c২০১০ |
||
| 300 |
_a৯২ পৃ ; _c২৭ সেমি. |
||
| 490 |
_aস্বরবিতান _v১২ |
||
| 650 |
_aসঙ্গীতের মূলনীতি _9150489 |
||
| 650 |
_aBasic Principles of Music _9150469 |
||
| 942 |
_2ddc _cBK |
||
| 999 |
_c52931 _d52931 |
||